|
|
|
|
| LEADER |
00000cam a2200000 a 4500 |
| 001 |
vtls001097413 |
| 003 |
SK-MaSNL |
| 005 |
20260301220622.0 |
| 008 |
240315s1981 xo 00000 slo |
| 015 |
|
|
|a SNBA1982/03
|
| 035 |
|
|
|a SNK000040255
|
| 040 |
|
|
|a SNK
|b slo
|c SNK
|e AACR2
|
| 041 |
0 |
|
|a slo
|
| 044 |
|
|
|a xo
|c SK
|
| 080 |
|
|
|a 631.153(075.8)
|2 1981
|
| 100 |
1 |
|
|a Pilát, Anton,
|d 1929-2011
|4 aut
|9 5863
|
| 245 |
1 |
0 |
|a Poľnohospodárske sústavy
|b pre poslucháčov ASR
|c Anton Pilát
|
| 250 |
|
|
|a 1. vyd.
|
| 260 |
|
|
|a Nitra
|b Vysoká škola poľnohospodárska
|c 1981
|e Nitra
|f Edičné stredisko VŠP
|
| 300 |
|
|
|a 362 s., 24,46 AH
|b sch., mapy, grafy
|c 29 cm
|
| 366 |
|
|
|e 120 výt.
|
| 490 |
1 |
|
|a Vysokoškolské učebné texty
|
| 650 |
0 |
7 |
|a obrábanie pôdy
|2 SNKPH
|9 52002
|
| 650 |
0 |
7 |
|a poľnohospodárske sústavy
|2 SNKPH
|9 290451
|
| 655 |
|
7 |
|a učebnice vysokých škôl
|2 SNKPH
|9 70191
|
| 830 |
|
0 |
|a Vysokoškolské učebné texty
|9 276539
|
| 958 |
|
|
|a OND
|
| 958 |
|
|
|a NB
|
| 958 |
|
|
|a RM
|
| 958 |
|
|
|a UV
|
| 999 |
|
|
|c 932521
|d 934451
|
| 952 |
|
|
|a SNK
|b SNK
|y PREZ
|7 0
|p 17A0981454
|o snkSB 33457
|i snkKSP 1476/82
|0 0
|1 0
|4 0
|d 2014-05-15
|f 1
|l 0
|r 2025-04-08 00:00:00
|w 2026-02-24
|
| 952 |
|
|
|a SNK
|b SNK
|y VYP
|7 0
|o snkSB 33457 D1
|i snkKSP 1477/82
|0 0
|1 0
|4 0
|d 2014-05-15
|l 0
|r 2026-02-24 08:53:27
|w 2026-02-24
|